| 000 | 01012nam a2200265 a 4500 | ||
|---|---|---|---|
| 001 | 000026094 | ||
| 003 | DO-SdBNP | ||
| 005 | 20250618124258.0 | ||
| 007 | ta | ||
| 008 | 110301s1993 dr ab 000 0 spa d | ||
| 040 |
_aDO-SdBNP _bspa _cBNPHU |
||
| 082 | 4 |
_a972.93053 _bB796c, 1993 _222 |
|
| 100 | 1 |
_aBrache B. Anselmo, _d1935- _944935 |
|
| 245 | 1 | 0 |
_aConstanza, Maimón y Estero Hondo : _btestimonios e investigación sobre los acontecimientos / _cAnselmo Brache B. ; prólogo Juan José Ayuso. |
| 250 | _a2a ed. ampliada y corr. | ||
| 260 |
_aSanto Domingo : _bTaller, _c1993. |
||
| 300 |
_a344 p. : _bil., mapa ; _c23 cm. |
||
| 500 | _aIncluye referencias bibliográficas y notas al pie de las páginas. | ||
| 590 | _aInventariado, 2022/BT | ||
| 650 | 4 |
_aGuerrillas _zRepública Dominicana _xHistoria _97270 |
|
| 651 | 0 |
_aRepública Dominicana -- _xHistoria -- _yInvasión , 1959 _97269 |
|
| 700 | 1 |
_aAyuso, Juan José, _epról. _914332 |
|
| 910 | _aValidado. Control de calidad. MMOLINA | ||
| 942 |
_2ddc _cLBS1 |
||
| 999 |
_c25586 _d25586 |
||